| 000 | 00789nam a2200217 i 4500 | ||
|---|---|---|---|
| 001 | 186759 | ||
| 003 | ES-MaACL | ||
| 005 | 20250915063107.0 | ||
| 008 | 170213s1910 sp |||| | spa d | ||
| 080 | _a821.134.2-32"18" | ||
| 100 | 1 |
_aSerrano García-Vao, Manuel, _d1863-1914 _9161717 |
|
| 245 | 1 | 0 |
_aEl corazón de un torero / _c: novela de Manuel S. García-Vao ; ilustraciones de Manchón. |
| 260 |
_aMadrid : _bLos Contemporáneos, _c1910 ( _fImp. de Alrededor del Mundo) |
||
| 300 |
_a[20] p. : _bil. col. y n. ; _c27 cm. |
||
| 490 | 1 |
_aLos contemporáneos ; _v69 |
|
| 650 | 4 |
_aCorridas de toros- _vCuentos. _9144065 |
|
| 700 | 1 |
_aManchón, Ramón. _975926 |
|
| 830 | 0 |
_aLos contemporáneos ; _v69 _9185715 |
|
| 852 |
_aES-MaACL _jR-2598(14) |
||
| 999 |
_c186759 _d186759 |
||